| 000 | 01208 a2200205 4500 | ||
|---|---|---|---|
| 003 | Nust | ||
| 005 | 20220818103255.0 | ||
| 010 | _a 2002004006 | ||
| 020 | _a1556227493 (paperback) | ||
| 040 | _cNust | ||
| 082 | 0 | 0 | _a005.265,AYR |
| 100 | 1 |
_aAyres, John. _997932 |
|
| 245 | 1 | 4 |
_aThe tomes of Delphi : _bWin32 Shell API, Windows 2000 edition / _cJohn Ayres. |
| 250 | _aPlatinum ed. | ||
| 260 |
_aPlano, Tex. : _bWordware Pub., _cc2002. |
||
| 300 |
_axxv, 745 p. : _bill. ; _c24 cm. + _e1 CD-ROM (4 3/4 in.) |
||
| 440 | 0 |
_aWordware Delphi developer's library _997933 |
|
| 505 | _aIntroduction (Page-xxi), Delphi and the Windows API (Page-1), Window Movement Functions (Page-9), Window Information Functions (Page-39), File Input/Output Functions (Page-109), File Input Functions (Page-191), String and Atom Functions (Page-249), Clipboard Manipulation Functions (Page-313), System Information Functions (Page-339), Icon, Cursor, and Caret Functions (Page-437), help Functions (Page-481), Shell File Functions (Page-513), Shell Folder Functions (Page-587), Shell Extension Functions (Page-617), Specialized Shell Functions (Page-673). | ||
| 942 |
_2ddc _cBK _k005.265,AYR |
||
| 999 |
_c180450 _d180450 |
||